| 000 | 00667nam a22002411 4500 | ||
|---|---|---|---|
| 001 | 134347 | ||
| 003 | ES-MaACL | ||
| 005 | 20230906194644.0 | ||
| 007 | t| | ||
| 008 | 070910s1956 sp ||||0| spa d | ||
| 016 | 7 | _zIND2000944220 | |
| 040 |
_aM-BN _bspa _cCDM |
||
| 080 | _a82-311.6"19" | ||
| 100 | 1 |
_aWhite, Helen C. _9116664 |
|
| 245 | 1 | 3 |
_aEl camino real de California / _cHelen C. White. |
| 250 | _a1ª ed. | ||
| 260 |
_aBarcelona : _bLuis de Caralt : _b[Sepúlveda, _c1956. |
||
| 300 |
_a400 p. ; _c21 cm. |
||
| 490 | 1 | _aColección gigante | |
| 830 | 0 |
_aColección gigante _9181935 |
|
| 852 |
_aES-MaACL _jC-10389 _bR.38808 |
||
| 999 |
_c134347 _d134347 |
||